000 01031cab a22001935a 4500
001 L137593
008 070417s2007 xxk f 000 0 eng d
035 _a(Sirsi) u137593
041 0 _aeng
100 1 _aCooper, Stuart
245 0 0 _aWhy it pays to take the green route
260 _c2007
490 0 _aBuilding Engineer
_v82(4) April 2007, 12-13(2)
520 _aExamines the advantages and disadvantages of renewable energy. Explains the following renewables: biomass technology; ground source heat pumps; hydro electricity; solar heat and power; and wind power. Whilst micro-generation is local and people can have control over the power they generate, there are a number of potential dangers such as conflict between government departments, the risk of exaggerated selling and that the renewables sector will attract cowboys. Includes a case study of a solar system in Chesterfield.
590 _aKA
651 4 _aUnited Kingdom
_y
690 _aENVIRONMENTAL AND LAND CONSULTANCY-ENERGY-RENEWABLE ENERGY
942 _n0
999 _c78668
_d78668